000 00472nam a2200181Ia 4500
001 3230
005 20260306144905.0
008 260306t2005||||xx |||||||||||||| ||spa||
041 _aESP
082 _a262.9
_bC46
100 _aConsejo Episcopal Latinoamericano
_eAUT
245 0 _aPuebla:
_bIII conferencia general del espiscopado latinoamericano
260 _c2005
300 _a288 páginas :
_c20 cm.
650 _aGEN
654 _aCHU
942 _cLIB
_dJUS
_fJUS
_2ddc
_n
999 _c3230
_d3230